01831nam a2200361Ia 4500001001200000003000800012006001900020007001500039008004100054020001500095020001800110040002100128035002100149050002400170245032700194260005800521300003000579504005200609533015200661610004600813650004800859650004300907650004300950650005000993650005401043650003301097650003101130655002901161710011701190710001701307856012601324999001901450ebr10194173CaPaEBRm u cr cn|||||||||071105s2007 dcua sb 000 0 eng d z0309106966 z9780309106962 aCaPaEBRcCaPaEBR a(OCoLC)29048001214aU393.5b.S77 2007eb00aStrategy for an Army center for network science, technology, and experimentationh[electronic resource] /cCommittee on Strategies for Network Science, Technology, and Experimentation, Board on Army Science and Technology, Division on Engineering and Physical Sciences, National Research Council of the National Academies. aWashington, D.C. :bNational Academies Press,cc2007. axviii, 79 p. :bcol. ill. aIncludes bibliographical references (p. 69-70). aElectronic reproduction.bPalo Alto, Calif. :cebrary,d2009.nAvailable via World Wide Web.nAccess may be limited to ebrary affiliated libraries.10aUnited States.bArmyxResearchxPlanning. 0aMilitary researchzUnited StatesxPlanning. 0aNetwork analysis (Planning)xResearch. 0aCommand and control systemsxResearch. 0aNeural networks (Computer science)xResearch. 0aSemantic networks (Information theory)xResearch. 0aComputer networksxResearch. 0aSocial networksxResearch. 7aElectronic books.2local2 aNational Research Council (U.S.).bCommittee on Strategies for Network Science, Technology, and Experimentation.2 aebrary, Inc.40uhttp://site.ebrary.com/lib/rucke/Doc?id=10194173zAn electronic book accessible through the World Wide Web; click to view c221317d221317